00376nam a2200121Ia 4500008004100000040001600041041001200057082001800069100002500087245009000112260003700202300001500239230917s9999||||xx |||||||||||||| ||und|| e56744aMAIN aEnglish a320.954 M697G aMitra, Subrata Kumar 0aGovernment instability in Indian states: West Bengal, Bihar, Uttar Pradesh and Punjab aDelhibAjanta Publicationsc1978 axi, 150 p.